00399nam a2200157Ia 4500008004100000041000800041082001700049100001900066245005700085250000800142260003400150300000800184542001500192551002100207650001300228220531s9999 xx 000 0 und d aeng a-bENG / GAU aGautam, Manish aEnglish Language and Communication skills (Vol. - 1) a1ST aJaipurbMark Publishersc2012 a250 d03-03-2017 aEnglishbUgc-ENG aLanguage